| 000 | 01899nam a2200409 a 4500 | ||
|---|---|---|---|
| 001 | ebr10640402 | ||
| 003 | CaPaEBR | ||
| 006 | m u | ||
| 007 | cr cn||||||||| | ||
| 008 | 080208s2008 wauab sb 000 0 eng d | ||
| 010 | _z 2008006066 | ||
| 020 | _z9780295988535 (pbk. : alk. paper) | ||
| 020 | _z9780295803340 (e-book) | ||
| 040 |
_aCaPaEBR _cCaPaEBR |
||
| 035 | _a(OCoLC)824359870 | ||
| 043 | _an-us-wa | ||
| 050 | 1 | 4 |
_aE99.C844 _bR49 2008eb |
| 082 | 0 | 4 |
_a979.7/31 _222 |
| 100 | 1 | _aReyes, Lawney L. | |
| 245 | 1 | 0 |
_aB Street _h[electronic resource] : _bthe notorious playground of Coulee Dam / _cLawney L. Reyes. |
| 260 |
_aSeattle : _bUniversity of Washington Press, _cc2008. |
||
| 300 |
_axxii, 155 p. : _bill., maps. |
||
| 500 | _a"How the building of Grand Coulee Dam changed forever the lives of one Indian family and devastated an entire tribe"--Cover. | ||
| 504 | _aIncludes bibliographical references (p. 153-155). | ||
| 505 | 0 | _aMoccasin telegraph -- The town hall -- Family planning -- B Street -- Working stiffs -- Pretty ladies -- Woo dip -- Show business -- The China man -- Ceremony of tears. | |
| 533 |
_aElectronic reproduction. _bPalo Alto, Calif. : _cebrary, _d2013. _nAvailable via World Wide Web. _nAccess may be limited to ebrary affiliated libraries. |
||
| 650 | 0 |
_aColville Indians _xHistory. |
|
| 650 | 0 |
_aColville Indians _xGovernment relations. |
|
| 650 | 0 |
_aWater resources development _zColumbia River Watershed _xHistory. |
|
| 651 | 0 |
_aColville Indian Reservation (Wash.) _xHistory. |
|
| 651 | 0 |
_aGrand Coulee Dam (Wash.) _xHistory. |
|
| 651 | 0 |
_aGrand Coulee (Wash.) _xHistory. |
|
| 651 | 0 |
_aGrand Coulee (Wash.) _xEthnic relations. |
|
| 655 | 7 |
_aElectronic books. _2local |
|
| 710 | 2 | _aebrary, Inc. | |
| 856 | 4 | 0 |
_uhttp://site.ebrary.com/lib/rucke/Doc?id=10640402 _zAn electronic book accessible through the World Wide Web; click to view |
| 999 |
_c161710 _d161710 |
||